LEADER 01233nam a2200217 i 4500 001 000000023316 003 CaOOAMICUS 005 20180830125446.0 008 180830s1973 fr u000 u und u 040 $aSeMil$bita 100 1 $aDuval, Yves-Marie,$d<1934-2007>.$0(OLS)http://semarc/name/10408 245 13$aLe livre de Jonas dans la littérature chrétienne grecque et latine :$bsources et influence du Commentaire sur Jonas de saint Jérôme /$cYves-Marie Duval. 260 $aParis :$bÉtudes Augustiniennes,$c1973. 300 $a2 v. ;$c25 cm. 650 4$aGirolamo . In Ionam.$0(OLS)http://semarc/subject/3615 650 4$aBibbia. Antico Testamento. Giona - Commentari, studi, critica, interpretazioni.$0(OLS)http://semarc/subject/3616 650 4$aLetteratura cristiana - Elementi biblici.$0(OLS)http://semarc/subject/3617 774 0 $aDuval, Yves-Marie <1934-2007>$t1.$w()189072 774 0 $aDuval, Yves-Marie <1934-2007>$t2.$w()189073 996 $6245$aLe livre de Jonas dans la littérature chrétienne grecque et latine :$bsources et influence du Commentaire sur Jonas de saint Jérôme$9(OLS)http://semarc/title/31258 996 $6260$aParis :$bÉtudes Augustiniennes$9(OLS)http://semarc/publisher/30131 LEADER 01376nam a2200277 i 4500 001 000000064480 003 CaOOAMICUS 005 20130529000000.0 008 130529s1986 xx u000 u mul u 013 $a35652 020 $a90-6186-213-2 040 $aSeMil$bita 245 10$aEzekiel and his Book :$btextual and literary criticism and their interrelation /$cedited by J. Lust ... [et al.]. 260 $aLeuven :$bUitgeverij Peeters,$c1986. 260 $aLeuven :$bUniversity Press,$c1986. 300 $aX, 391 p. ;$c25 cm. 490 0 $aBibliotheca Ephemeridum Theologicarum Lovaniensium ;$v74. 650 4$aBibbia. Antico Testamento. Ezechiele - Commentari, studi, critica, interpretazioni.$0(OLS)http://semarc/subject/477 700 1 $aLust, Johan <1937- >.$0(OLS)http://semarc/name/19723 830 0$aBibliotheca Ephemeridum Theologicarum Lovaniensium ;$v74.$0(OLS)http://semarc/title/108 850 $aSeMil 852 $aSeMil$W1$xVenegono$y1$m2IA A 74$j30633$B30633$CSeMilBibl$Z2$F30636 $81 996 $6020$a90-6186-213-2$9(OLS)http://semarc/number/41474 996 $6245$aEzekiel and his Book :$btextual and literary criticism and their interrelation$9(OLS)http://semarc/title/102103 996 $6260$aLeuven :$bUniversity Press$9(OLS)http://semarc/publisher/30124 996 $6260$aLeuven :$bUitgeverij Peeters$9(OLS)http://semarc/publisher/30123